[Event "AUTO-INT-219"]
[Site "http://www.queenalice.com/game.php?id=120527"]
[Date "2006.10.24"]
[Round "1"]
[White "joek"]
[Black "Patizinha"]
[Result "0-1"]
[WhiteElo "1501"]
[BlackElo "1497"]

1. d4 Nf6 2. Nf3 e6 3. e3 b6 4. Bd3 c5 5. c3 d5 6. O-O Nc6 7. Nbd2 c4 8. Bc2 Bd6
9. h3 O-O 10. e4 Bf4 11. e5 Bxd2 12. Qxd2 Nd7 13. Qe2 f6 14. Ba4 Qc7 15. exf6
Nxf6 16. Ng5 Ne7 17. Nxe6 Bxe6 18. Qxe6+ Kh8 19. Re1 Ng6 20. Bg5 Ne4 21. Qxd5
Nxf2 22. Re3 Nd3 23. b3 Ndf4 24. Qxc4 Qxc4 25. bxc4 Rac8 26. Bxf4 Nxf4 27. Bb5
Ng6 28. Rf1 Rfd8 29. Rfe1 Kg8 30. Re8+ Rxe8 31. Rxe8+ Rxe8 32. Bxe8 Nf4 0-1

[Event "AUTO-INT-219"]
[Site "http://www.queenalice.com/game.php?id=120534"]
[Date "2006.10.24"]
[Round "1"]
[White "J_Ricardo"]
[Black "joek"]
[Result "0-1"]
[WhiteElo "1539"]
[BlackElo "1600"]

1. e4 e5 2. Nf3 Nc6 3. d3 Bc5 4. Be3 Qe7 5. Be2 Nf6 6. Bg5 h6 7. Bxf6 Qxf6 8. a3
O-O 9. Nc3 Ne7 10. b4 Bb6 11. a4 a5 12. b5 c6 13. bxc6 bxc6 14. O-O d5 15. Rb1
Bd4 16. Na2 dxe4 17. Nxd4 exd3 18. Qxd3 exd4 19. c3 Bf5 20. Qf3 Bxb1 21. Rxb1
Qxf3 22. Bxf3 Rab8 23. Re1 d3 24. Rd1 Rb2 25. Rxd3 Rxa2 26. h3 Rxa4 27. Be4 Rxe4
28. Rd7 Nf5 29. f3 Re3 30. Ra7 Rfe8 31. Rxa5 Re1+ 32. Kf2 R8e2# 0-1

[Event "AUTO-INT-219"]
[Site "http://www.queenalice.com/game.php?id=120535"]
[Date "2006.10.24"]
[Round "1"]
[White "joek"]
[Black "J_Ricardo"]
[Result "1-0"]
[WhiteElo "1585"]
[BlackElo "1557"]

1. d4 d5 2. Nf3 e6 3. e3 Nf6 4. Bd3 Bd6 5. O-O c6 6. Nbd2 Qc7 7. h3 Bd7 8. Qe2
c5 9. c3 Nc6 10. e4 dxe4 11. Nxe4 Nxe4 12. Bxe4 f5 13. Bxf5 O-O-O 14. Bxe6 Rhe8
15. Bxd7+ Qxd7 16. Qd3 Bc7 17. Bg5 Ne7 18. Qxh7 Rf8 19. Qxg7 Rxf3 20. Qxe7 Qxe7
21. Bxe7 Re8 22. gxf3 Rxe7 23. Kh1 cxd4 24. Rfe1 Rf7 25. cxd4 Rxf3 26. Kg2 Rd3
27. Red1 Rxd1 28. Rxd1 Kd7 29. d5 Be5 30. b3 Kd6 31. h4 Bf6 32. h5 Bg5 33. Kf3
Bh6 34. Ke4 b5 35. Rg1 a6 36. Rg6+ Kc5 37. Rxh6 a5 38. Ke5 b4 39. Ke6 Kd4 40. d6
Kc3 41. d7 Kb2 42. d8=Q Kxa2 43. Rh7 Kxb3 44. Rc7 Ka4 45. Qd7+ Ka3 46. Rc1 b3
47. Qd6+ Ka2 48. Qc6 b2 49. Qa4# 1-0

[Event "AUTO-INT-223"]
[Site "http://www.queenalice.com/game.php?id=121799"]
[Date "2006.10.26"]
[Round "1"]
[White "paulchess10"]
[Black "joek"]
[Result "1-0"]
[WhiteElo "1577"]
[BlackElo "1602"]

1. e4 e5 2. Nf3 f6 3. Nxe5 fxe5 4. Qh5+ g6 5. Qxe5+ Qe7 6. Qxh8 Nf6 7. d3 d6 8.
Bg5 Nbd7 9. Nc3 c6 10. Be2 Kf7 11. e5 dxe5 12. Bxf6 Nxf6 13. Ne4 h6 14. Qxf6+
Qxf6 15. Nxf6 Kxf6 16. O-O Be6 17. Rfe1 Bc5 18. Bf3 Bd4 19. c3 Bb6 20. Re2 Bc7
21. a3 Rd8 22. Rd1 Bb3 23. Rdd2 a5 24. d4 Bc4 25. dxe5+ Ke6 26. Rxd8 Bxe2 27.
Rh8 Bxf3 28. gxf3 Bxe5 29. Rxh6 Kf6 30. Rh7 1-0

[Event "AUTO-INT-223"]
[Site "http://www.queenalice.com/game.php?id=121813"]
[Date "2006.10.26"]
[Round "1"]
[White "joek"]
[Black "zecafernandes"]
[Result "1-0"]
[WhiteElo "1603"]
[BlackElo "1395"]

1. d4 d5 2. Nf3 h6 3. e3 g5 4. Bd3 Bg7 5. O-O a6 6. Nbd2 g4 7. Ne5 e6 8. Qxg4
Nf6 9. Qxg7 Rh7 10. Bxh7 Ke7 11. Qxf7+ Kd6 12. Nb3 Nc6 13. f4 Nxe5 14. fxe5+ Kc6
15. Rxf6 b5 16. Na5+ Kb6 17. Bd2 Bb7 18. Qxe6+ c6 19. Nxc6 Bxc6 20. Qxc6+ Ka7
21. Qxa6+ Kb8 22. Qxb5+ Kc8 23. Rf7 Ra5 24. Qb7# 1-0

[Event "AUTO-INT-223"]
[Site "http://www.queenalice.com/game.php?id=121814"]
[Date "2006.10.26"]
[Round "1"]
[White "zecafernandes"]
[Black "joek"]
[Result "0-1"]
[WhiteElo "1387"]
[BlackElo "1601"]

1. e4 e5 2. d4 exd4 3. Qxd4 Nc6 4. Qe3 Nf6 5. e5 Nd5 6. Qg3 Qe7 7. Nf3 d6 8. Be2
dxe5 9. Bg5 f6 10. Bh4 Qb4+ 11. c3 Qxb2 12. O-O Qxa1 13. c4 Nf4 14. Nbd2 Nxe2+
15. Kh1 Nxg3+ 16. Bxg3 Qxa2 17. Rd1 Bb4 18. c5 Bxd2 19. Nxd2 Bg4 20. Re1 Qxd2
21. f3 O-O-O 22. h3 Bxh3 23. gxh3 Rd3 24. Kg1 Rxf3 0-1

[Event "AUTO-INT-223"]
[Site "http://www.queenalice.com/game.php?id=121815"]
[Date "2006.10.26"]
[Round "1"]
[White "joek"]
[Black "CampbellMarcel"]
[Result "1-0"]
[WhiteElo "1584"]
[BlackElo "1626"]

1. d4 c5 2. c3 cxd4 3. cxd4 Nf6 4. Nf3 e6 5. Nc3 Bb4 6. Bd2 O-O 7. e4 Bxc3 8.
bxc3 Nxe4 9. Bd3 Nxd2 10. Qxd2 f5 11. O-O b6 12. Rae1 Ba6 13. Qc2 Bb7 14. Qe2
Qf6 15. Ne5 Qg5 16. f4 Qh4 17. Nxd7 Nxd7 18. Qxe6+ Rf7 19. Bc4 Rf8 20. Qxd7 Be4
21. Qxa7 g5 22. Bxf7+ Rxf7 23. Qxb6 gxf4 24. Qb8+ Kg7 25. Qxf4 Qf6 26. Qg3+ Kf8
27. Rxe4 Qa6 28. Ref4 Rg7 29. Rxf5+ Kg8 30. Rf8# 1-0

[Event "AUTO-INT-223"]
[Site "http://www.queenalice.com/game.php?id=121816"]
[Date "2006.10.26"]
[Round "1"]
[White "CampbellMarcel"]
[Black "joek"]
[Result "1-0"]
[WhiteElo "1535"]
[BlackElo "1603"]

1. e4 e5 2. Nf3 f6 3. d4 exd4 4. Nxd4 c5 5. Nf5 Qc7 6. Bc4 Nc6 7. O-O Nge7 8.
Re1 Ne5 9. Bf4 Nxf5 10. exf5 d6 11. Qh5+ Kd8 12. Nc3 g5 13. Bxe5 dxe5 14. Rad1+
Bd6 15. Rxd6+ Qxd6 16. Rd1 Qxd1+ 17. Qxd1+ Ke7 18. Nd5+ 1-0